Autora̕ y participacin̤ en los delitos de corrupcin̤ de funcionarios

Detalles Bibliográficos
Autor principal: Salinas Siccha, Ramiro
Formato: eBook
Lenguaje:español
Publicado: Lima: Palestra Editores, 2021
Materias:
Acceso en línea:Acceso restringido

MARC

LEADER 00000nam a22000007a 4500
005 2022082306556.0
007 cr|||| ||||
008 220823s2021 pe |||||s|||| 00||0 spa d
020 |a 9786123252007 
035 |a 36934 
040 |a vLex 
090 |c 13788  |d 13788 
100 1 |a Salinas Siccha, Ramiro 
245 1 0 |a Autora̕ y participacin̤ en los delitos de corrupcin̤ de funcionarios  |h [Recurso electrn̤ico] /  |c Ramiro Salinas Siccha 
256 |a Servicio en ln̕ea 
260 |a Lima:  |b Palestra Editores,  |c 2021 
300 |a 1 recurso electrn̤ico 
500 |a El presente libro busca resolver la pregunta de qu ̌teora̕ debe aplicarse para determinar quiň responde penalmente como autor y quiň como cm̤plice en los delitos donde intervienen ms̀ de dos personas. La respuesta a este interrogante ser ̀que se debe utilizar la teora̕ de la infraccin̤ de deber desde la perspectiva del profesor alemǹ Claus Roxin. Para llegar a tal conclusin̤, la presente obra analizar ̀de manera cuidadosa la normativa peruana, pero, especialmente la jurisprudencia ms̀ relevante para determinar las ln̕eas jurisprudenciales de las Salas Penales de la Corte Suprema peruana. 
506 1 |a Disponible solo en los productos indicados  |d vLex Global  |d vLex Global (Academic Edition, excluding Law Schools)  |d vLex Global (U.S. Academic Edition, Law Schools)  |d vLex Global (U.S. Academic Edition, excluding Law Schools)  |d vLex Global (Academic Edition, Law Schools) 
650 0 4 |a Derecho Penal  |z Per︢ 
650 0 4 |a Procedimiento Penal  |z Per︢ 
740 0 |a vLex Libros (Servicio en ln̕ea) 
856 4 0 |u https://app.vlex.com/#/sources/36934  |z Acceso restringido 
942 |c BOOK 
999 0 |a Criminal Law 
999 0 |a Criminal Procedure